Marte y las princesa voladoras /

Mosi es una niña diferente: aunque ya tiene ocho años aún no se sabe el abecedario y va a una escuela especial. Algunas veces se le olvida para qué sirven las cucharas o dónde se guarda la mantequilla. Sin embargo, con Mosi todo es mucho más divertido, es como vivir en otro lugar, un sitio diferente...

Descripción completa

Detalles Bibliográficos
Autor principal: Baranda, María
Formato: Libro
Lenguaje:español
Publicado: México Fondo de Cultura Económica 2006
Materias:
Acceso en línea:

MARC

LEADER 00000cam a2200000 a 4500
001 020582
003 UAHC_CL
005 20170803121908.0
008 140109s2006 mx 000 j spa
020 |a 9789681681418 
040 |a UAHC_CL  |c UAHC_CL  |d UAHC_CL 
082 0 4 |a 808.068  |b B225  |2 21 
100 1 |a Baranda, María 
245 1 0 |a Marte y las princesa voladoras /  |c María Baranda. 
260 |b Fondo de Cultura Económica  |a México  |c 2006 
300 |a 40 p. 
520 |a Mosi es una niña diferente: aunque ya tiene ocho años aún no se sabe el abecedario y va a una escuela especial. Algunas veces se le olvida para qué sirven las cucharas o dónde se guarda la mantequilla. Sin embargo, con Mosi todo es mucho más divertido, es como vivir en otro lugar, un sitio diferente donde todo no es lo que es y al revés. 
650 4 |a LITERATURA INFANTIL 
650 4 |a LIBROS ILUSTRADOS PARA NIÑOS 
653 |a PEDAGOGIA EN EDUCACION BASICA 
658 |a Ferrando, Miriam 
900 |a 808.068 BARM 
942 |c BK 
952 |0 0  |1 0  |4 0  |6 808_068000000000000_BARM  |7 0  |8 General  |9 41250  |a BC  |b BC  |c General  |d 2017-08-03  |l 2  |m 1  |o 808.068 BARM  |p 1411485  |r 2025-11-26 00:00:00  |s 2024-04-08  |t 1  |w 2017-08-03  |y BK 
999 |c 20582  |d 20582